[Event "Fagernes Norsk op-B"]
[Site "Fagernes"]
[Date "2014.04.13"]
[Round "8"]
[White "Bjornes, Leif"]
[Black "Theting, Helge E"]
[Result "1/2-1/2"]
[WhiteElo "1873"]
[BlackElo "1943"]
[PlyCount "58"]
[EventDate "2014.04.13"]
[EventType "swiss"]
[EventRounds "9"]
[EventCountry "NOR"]
[SourceTitle "EXT 2016"]
[Source "ChessBase"]
[SourceDate "2015.10.08"]
[SourceVersion "1"]
[SourceVersionDate "2015.10.08"]
[SourceQuality "1"]

1. d4 g6 2. e4 Bg7 3. f4 d5 4. exd5 Qxd5 5. Nf3 Bg4 6. Be2 c5 7. Nc3 Qh5 8. 0-0 cxd4 9. Nxd4 Bxe2 10. Ndxe2 Qc5+ 11. Kh1 Nc6 12. Rf3 Rd8 13. Qf1 Nh6 14. Be3 Qf5 15. Rc1 0-0 16. h3 Nd4 17. g4 Qc8 18. Nxd4 Bxd4 19. Bxd4 Rxd4 20. Rd1 Rxd1 21. Qxd1 Rd8 22. Rd3 Qc6+ 23. Kh2 Rxd3 24. Qxd3 Qb6 25. Nd1 Qa5 26. Qe3 Kf8 27. a3 Qc7 28. Nc3 g5 29. Qe5 Qxe5 1/2-1/2

[Event "Fagernes Norsk op-B"]
[Site "Fagernes"]
[Date "2014.04.13"]
[Round "6"]
[White "Lobersli, Henrik Oie"]
[Black "Theting, Helge E"]
[Result "1/2-1/2"]
[WhiteElo "1857"]
[BlackElo "1943"]
[PlyCount "59"]
[EventDate "2014.04.13"]
[EventType "swiss"]
[EventRounds "9"]
[EventCountry "NOR"]
[SourceTitle "EXT 2016"]
[Source "ChessBase"]
[SourceDate "2015.10.08"]
[SourceVersion "1"]
[SourceVersionDate "2015.10.08"]
[SourceQuality "1"]

1. d4 g6 2. c4 Bg7 3. g3 d6 4. Nf3 Nd7 5. Bg2 e5 6. e4 Ne7 7. 0-0 0-0 8. Nc3 exd4 9. Nxd4 Nc6 10. Nxc6 bxc6 11. Qc2 Ne5 12. b3 Rb8 13. h3 f5 14. f4 Nf7 15. Bb2 Nh6 16. Kh2 Be6 17. Rad1 fxe4 18. Nxe4 Bxb2 19. Ng5 Bd7 20. Qxb2 Qf6 21. Qa3 Rbe8 22. Qxa7 Re2 23. Qxc7 Qf5 24. Qxd6 Qc2 25. Rg1 Bxh3 26. Kxh3 Qf5+ 27. Kh2 Ng4+ 28. Kh1 Nf2+ 29. Kh2 Ng4+ 30. Kh1 1/2-1/2

[Event "Fagernes Norsk op-B"]
[Site "Fagernes"]
[Date "2014.04.13"]
[Round "4"]
[White "Machlik, Endre"]
[Black "Theting, Helge E"]
[Result "1-0"]
[WhiteElo "1790"]
[BlackElo "1943"]
[PlyCount "95"]
[EventDate "2014.04.13"]
[EventType "swiss"]
[EventRounds "9"]
[EventCountry "NOR"]
[SourceTitle "EXT 2016"]
[Source "ChessBase"]
[SourceDate "2015.10.08"]
[SourceVersion "1"]
[SourceVersionDate "2015.10.08"]
[SourceQuality "1"]

1. d4 g6 2. c4 Bg7 3. e4 d6 4. f4 c5 5. d5 e6 6. dxe6 Bxe6 7. Bd3 Nc6 8. f5 Bc8 9. Nf3 Nf6 10. 0-0 0-0 11. Nc3 Ng4 12. Bg5 f6 13. Bf4 Nge5 14. Bc2 Kh8 15. b3 Nxf3+ 16. Rxf3 Nd4 17. Rh3 g5 18. Be3 Nxc2 19. Qxc2 Re8 20. Bf2 Bf8 21. Rd1 b6 22. Rhd3 Bb7 23. Bg3 Bxe4 24. Nxe4 Rxe4 25. Qc3 Kg7 26. Bxd6 Bxd6 27. Rxd6 Qf8 28. Rd7+ Re7 29. Qf3 Rae8 30. Qb7 Qf7 31. Qxa7 Kh8 32. Rxe7 Rxe7 33. Qxb6 Kg7 34. Qxc5 Qe8 35. h3 Re5 36. Qc7+ Re7 37. Qd6 h5 38. c5 g4 39. Kh2 gxh3 40. Qg3+ Kh8 41. Rd2 Rg7 42. Qxh3 Qe5+ 43. g3 Rg5 44. c6 Qc5 45. Qg2 Rxf5 46. Rc2 Qf8 47. c7 Qc8 48. Qd2 1-0

[Event "Fagernes Norsk op-B"]
[Site "Fagernes"]
[Date "2014.04.13"]
[Round "2"]
[White "Morkedal, Oyvind"]
[Black "Theting, Helge E"]
[Result "0-1"]
[WhiteElo "1729"]
[BlackElo "1943"]
[PlyCount "80"]
[EventDate "2014.04.13"]
[EventType "swiss"]
[EventRounds "9"]
[EventCountry "NOR"]
[SourceTitle "EXT 2016"]
[Source "ChessBase"]
[SourceDate "2015.10.08"]
[SourceVersion "1"]
[SourceVersionDate "2015.10.08"]
[SourceQuality "1"]

1. e4 g6 2. d4 Bg7 3. Nf3 d6 4. Be2 Nd7 5. 0-0 e5 6. Nc3 Ne7 7. Bg5 h6 8. Bh4 0-0 9. Re1 g5 10. Bg3 Ng6 11. Bc4 Nb6 12. Bb3 g4 13. Nd2 exd4 14. Ne2 c5 15. Nf4 Ne5 16. Nd5 h5 17. f4 Ng6 18. h3 Nxd5 19. Bxd5 Be6 20. f5 Bxd5 21. exd5 Ne5 22. Bxe5 Bxe5 23. hxg4 Bf4 24. Rf1 Be3+ 25. Rf2 Qh4 26. Qf3 hxg4 27. g3 Qh3 28. Qg2 Qxg2+ 29. Kxg2 Bxf2 30. Kxf2 Rfe8 31. Nc4 Rad8 32. Rh1 Kg7 33. Rh4 b5 34. Rxg4+ Kf6 35. Nd2 Re5 36. Ne4+ Kxf5 37. Rf4+ Kg6 38. Rg4+ Kh6 39. Kg2 f5 40. Rh4+ Kg6 0-1

[Event "Fagernes Norsk op-B"]
[Site "Fagernes"]
[Date "2014.04.13"]
[Round "7"]
[White "Theting, Helge E"]
[Black "Flaata, Alexander R"]
[Result "0-1"]
[WhiteElo "1943"]
[BlackElo "2111"]
[PlyCount "60"]
[EventDate "2014.04.13"]
[EventType "swiss"]
[EventRounds "9"]
[EventCountry "NOR"]
[SourceTitle "EXT 2016"]
[Source "ChessBase"]
[SourceDate "2015.10.08"]
[SourceVersion "1"]
[SourceVersionDate "2015.10.08"]
[SourceQuality "1"]

1. Nf3 f5 2. d4 Nf6 3. c4 e6 4. Nc3 Be7 5. Bf4 d6 6. Qc2 0-0 7. h3 Ne4 8. Nxe4 fxe4 9. Qxe4 d5 10. cxd5 exd5 11. Qe5 Nc6 12. Qxc7 Bb4+ 13. Kd1 Qe8 14. Be3 Rf6 15. Qg3 Bf5 16. Bg5 Rf7 17. Bd2 Bxd2 18. Kxd2 Rc8 19. e3 Qd8 20. Rc1 Qa5+ 21. Kd1 Qxa2 22. Nd2 Nb4 23. Rxc8+ Bxc8 24. e4 Qa1+ 25. Ke2 b6 26. f3 Qxb2 27. Qb8 Rf8 28. Qd6 Ba6+ 29. Kf2 Qxd2+ 30. Kg1 Bxf1 0-1

[Event "Fagernes Norsk op-B"]
[Site "Fagernes"]
[Date "2014.04.13"]
[Round "5"]
[White "Theting, Helge E"]
[Black "Risting, Eivind Olav"]
[Result "1-0"]
[WhiteElo "1943"]
[BlackElo "1743"]
[PlyCount "145"]
[EventDate "2014.04.13"]
[EventType "swiss"]
[EventRounds "9"]
[EventCountry "NOR"]
[SourceTitle "EXT 2016"]
[Source "ChessBase"]
[SourceDate "2015.10.08"]
[SourceVersion "1"]
[SourceVersionDate "2015.10.08"]
[SourceQuality "1"]

1. Nf3 d5 2. g3 Nf6 3. Bg2 c6 4. 0-0 Bg4 5. h3 Bh5 6. d3 Nbd7 7. Nbd2 e5 8. e4 dxe4 9. dxe4 Bc5 10. Qe2 0-0 11. a4 Re8 12. Nc4 Qc7 13. Bd2 a5 14. Rfb1 Bf8 15. Qe1 b6 16. Bc3 Bxf3 17. Bxf3 Nc5 18. Qe3 Ra6 19. Qe2 Nfd7 20. Rd1 Raa8 21. Rd2 Nf6 22. b3 Nb7 23. Rad1 b5 24. Ne3 Nc5 25. Ng4 Nxg4 26. Bxg4 bxa4 27. bxa4 Nxa4 28. Rd7 Nxc3 29. Qc4 Qb6 30. Qxc3 Qb5 31. Qf3 Qc4 32. Qf5 a4 33. Rc7 Re7 34. Rxe7 Bxe7 35. Qxe5 Bf6 36. Qc7 Qxe4 37. Rd3 Qe1+ 38. Kg2 Re8 39. Qxc6 Qe4+ 40. Bf3 Qxc6 41. Bxc6 Rc8 42. Bxa4 Rc7 43. Re3 g6 44. Re8+ Kg7 45. Re4 Rc3 46. Bb3 g5 47. Ra4 Rc7 48. Kf3 h5 49. Ke4 Bc3 50. f3 Kg6 51. g4 hxg4 52. hxg4 Kf6 53. Ra6+ Ke7 54. Kd3 f6 55. Bd5 Be5 56. Re6+ Kd8 57. c4 Re7 58. Ra6 Rc7 59. Ke4 Re7 60. Kf5 Kd7 61. Rxf6 Bxf6 62. Kxf6 Ke8 63. Kxg5 Kf8 64. Kf6 Rf7+ 65. Ke5 Re7+ 66. Be6 Ke8 67. f4 Rg7 68. Kf6 Kf8 69. g5 Rf7+ 70. Ke5 Rg7 71. Kf5 Ra7 72. g6 Rb7 73. Kg5 1-0

[Event "Wch Seniors 23rd"]
[Site "Opatija"]
[Date "2013.11.23"]
[Round "11"]
[White "Strohbusch, Frank"]
[Black "Theting, Helge E"]
[Result "0-1"]
[WhiteElo "1855"]
[BlackElo "1979"]
[PlyCount "78"]
[EventDate "2013.11.12"]
[EventType "swiss"]
[EventRounds "11"]
[EventCountry "CRO"]
[SourceTitle "CBM 157 Extra"]
[Source "ChessBase"]
[SourceDate "2013.12.19"]
[SourceVersion "1"]
[SourceVersionDate "2013.12.19"]
[SourceQuality "1"]

1. e4 g6 2. d4 Bg7 3. Nc3 d6 4. Be3 a6 5. Qd2 b5 6. Bd3 Nd7 7. f4 Bb7 8. Nce2 Ngf6 9. Ng3 Ng4 10. Nf3 Nxe3 11. Qxe3 c5 12. c3 0-0 13. 0-0 cxd4 14. cxd4 Rc8 15. Rac1 Qb6 16. f5 Ne5 17. Nxe5 Bxe5 18. Ne2 Bg7 19. fxg6 hxg6 20. Rxc8 Bxc8 21. Kf2 Bg4 22. d5 Qa5 23. Bb1 Bxb2 24. Nd4 Bd7 25. Rd1 Qa4 26. Nb3 Rc8 27. h3 b4 28. Qa7 Bf6 29. Kg1 Bb5 30. Rd2 Rc3 31. Rf2 Bc4 32. Rxf6 exf6 33. Qb8+ Kg7 34. Qxd6 Bxb3 35. e5 Qe8 36. Qxf6+ Kg8 37. axb3 Rc1+ 38. Kh2 Rxb1 39. d6 Re1 0-1

[Event "Wch Seniors 23rd"]
[Site "Opatija"]
[Date "2013.11.22"]
[Round "10"]
[White "Theting, Helge E"]
[Black "Hjertenes, Oystein"]
[Result "0-1"]
[WhiteElo "1979"]
[BlackElo "2102"]
[PlyCount "148"]
[EventDate "2013.11.12"]
[EventType "swiss"]
[EventRounds "11"]
[EventCountry "CRO"]
[SourceTitle "CBM 157 Extra"]
[Source "ChessBase"]
[SourceDate "2013.12.19"]
[SourceVersion "1"]
[SourceVersionDate "2013.12.19"]
[SourceQuality "1"]

1. Nf3 Nf6 2. g3 g6 3. Bg2 Bg7 4. 0-0 0-0 5. d3 d5 6. Nbd2 c5 7. e4 e6 8. Re1 Nc6 9. c3 b6 10. e5 Nd7 11. d4 Ba6 12. Bf1 Qc8 13. Bxa6 Qxa6 14. Nf1 cxd4 15. cxd4 Rac8 16. Bd2 Rc7 17. Ne3 Qd3 18. Rc1 Rfc8 19. Rc3 Qa6 20. a3 Qb7 21. Ng4 Nd8 22. Rxc7 Qxc7 23. Bg5 h5 24. Nh6+ Bxh6 25. Bxh6 Qc2 26. Qa1 Qd3 27. Be3 Rc2 28. Rd1 Qa6 29. Qb1 Qc8 30. Ne1 Rc7 31. Nd3 Nf8 32. Bg5 Nc6 33. Ne1 Nh7 34. Be3 Ne7 35. Qd3 Nf5 36. Bd2 Rc4 37. Bc3 Kg7 38. f3 Nf8 39. Ng2 Nh7 40. g4 hxg4 41. fxg4 Ne7 42. Rf1 Ng8 43. h4 Qe8 44. Qf3 f6 45. Qf4 f5 46. gxf5 gxf5 47. Ne3 Rc7 48. Rf2 Kh8 49. Qf3 Rg7+ 50. Kf1 Qb5+ 51. Re2 Qd3 52. Kf2 Nh6 53. Rd2 Ng4+ 54. Nxg4 Qxf3+ 55. Kxf3 Rxg4 56. Rh2 Nf8 57. Bb4 Kg7 58. h5 Nh7 59. Rc2 Ng5+ 60. Ke3 f4+ 61. Kf2 Nh3+ 62. Kf3 Rg3+ 63. Ke2 Rg2+ 64. Kd3 Rxc2 65. Kxc2 Kh6 66. Kd3 Kxh5 67. Ke2 Kg4 68. Be1 f3+ 69. Kf1 Kf4 70. Bc3 Ke3 71. Ke1 f2+ 72. Kf1 Kf3 73. Bd2 Ng1 74. Bg5 Ne2 0-1

[Event "EU-chT Seniors 15th"]
[Site "Dresden"]
[Date "2013.07.24"]
[Round "5"]
[White "Waterfield, John"]
[Black "Theting, Helge E"]
[Result "1-0"]
[WhiteElo "1980"]
[BlackElo "1990"]
[PlyCount "35"]
[EventDate "2013.07.20"]
[EventType "team-swiss"]
[EventRounds "9"]
[EventCountry "GER"]
[SourceTitle "CBM 155 Extra"]
[Source "ChessBase"]
[SourceDate "2013.08.26"]
[SourceVersion "1"]
[SourceVersionDate "2013.08.26"]
[SourceQuality "1"]
[WhiteTeam "Wales"]
[BlackTeam "Norway II"]
[WhiteTeamCountry "WLS"]
[BlackTeamCountry "NOR"]

1. e4 g6 2. d4 Bg7 3. Nc3 d6 4. f4 a6 5. Nf3 b5 6. Bd3 Nd7 7. e5 Nb6 8. 0-0 e6 9. a4 b4 10. a5 bxc3 11. axb6 cxb2 12. Bxb2 cxb6 13. Bb5+ Bd7 14. Bxa6 Rxa6 15. Rxa6 Bb5 16. Ra7 Bxf1 17. Qxf1 Bh6 18. Qa6 1-0

[Event "EU-chT Seniors 15th"]
[Site "Dresden"]
[Date "2013.07.22"]
[Round "3"]
[White "Jongsma, Alexander"]
[Black "Theting, Helge E"]
[Result "1-0"]
[WhiteElo "2148"]
[BlackElo "1990"]
[PlyCount "81"]
[EventDate "2013.07.20"]
[EventType "team-swiss"]
[EventRounds "9"]
[EventCountry "GER"]
[SourceTitle "CBM 155 Extra"]
[Source "ChessBase"]
[SourceDate "2013.08.26"]
[SourceVersion "1"]
[SourceVersionDate "2013.08.26"]
[SourceQuality "1"]
[WhiteTeam "VAS"]
[BlackTeam "Norway II"]
[WhiteTeamCountry "NED"]
[BlackTeamCountry "NOR"]

1. e4 g6 2. h4 h5 3. d4 Bg7 4. Nc3 d6 5. Be3 a6 6. a4 b6 7. Bc4 e6 8. Nf3 Ne7 9. Qe2 Nd7 10. Ng5 Nf6 11. e5 Nfd5 12. exd6 Qxd6 13. Nce4 Qc6 14. c3 Bb7 15. Bd2 0-0 16. Bd3 e5 17. c4 Nf4 18. Bxf4 exf4 19. d5 Qd7 20. Qd2 Nf5 21. Qxf4 Bxb2 22. Rb1 Bg7 23. 0-0 Qe7 24. Ng3 Nh6 25. Rfe1 Qd7 26. a5 Bc3 27. N3e4 Bg7 28. axb6 cxb6 29. Rxb6 Bc8 30. Rd6 Qa4 31. Nf6+ Kh8 32. Ngh7 Qa5 33. Re3 Rd8 34. Rxd8+ Qxd8 35. Re8+ Qxe8 36. Nxe8 Kxh7 37. Nxg7 Kxg7 38. Qe5+ Kh7 39. Qc7 a5 40. d6 a4 41. Qc6 1-0

[Event "NOR-ch Class1"]
[Site "Lillehammer"]
[Date "2013.06.29"]
[Round "7"]
[White "Theting, Helge E"]
[Black "Runde, Hans Arild"]
[Result "0-1"]
[WhiteElo "1990"]
[BlackElo "2044"]
[PlyCount "146"]
[EventDate "2013.06.29"]
[EventType "swiss"]
[EventRounds "9"]
[EventCountry "NOR"]
[SourceTitle "EXT 2015"]
[Source "ChessBase"]
[SourceDate "2014.11.20"]
[SourceVersion "1"]
[SourceVersionDate "2014.11.20"]
[SourceQuality "1"]

1. Nf3 d5 2. g3 g6 3. Bg2 Bg7 4. 0-0 Nf6 5. d3 0-0 6. Nbd2 Re8 7. e4 e5 8. Re1 Nc6 9. c3 d4 10. c4 a5 11. Nf1 Bg4 12. h3 Bxf3 13. Qxf3 Qd6 14. Qe2 Nd7 15. f4 Nc5 16. Bd2 Nb4 17. Bxb4 axb4 18. Qf3 Ra6 19. Nh2 Rea8 20. Rf1 exf4 21. gxf4 Rxa2 22. Rxa2 Rxa2 23. e5 Qe7 24. Rf2 c6 25. Qd1 Qd7 26. Bf1 h5 27. Nf3 Bh6 28. Ne1 Ne6 29. Ng2 c5 30. Qf3 Ra1 31. Kh2 Qc7 32. Qd5 Bg7 33. Be2 Nxf4 34. Nxf4 Bxe5 35. Qe4 g5 36. Bxh5 Bxf4+ 37. Kg2 Qc6 38. Qxc6 bxc6 39. Bf3 Be3 40. Rf1 Ra2 41. Rb1 f5 42. Bxc6 Kg7 43. Kf3 Kf6 44. Kg3 Ke5 45. Bf3 Bf4+ 46. Kf2 Bd2 47. Kg3 Kf6 48. Bd1 Ra7 49. Bf3 Re7 50. Rd1 Be1+ 51. Kg2 Re3 52. Ra1 Ke5 53. Ra5 Kf4 54. Bd5 Rxd3 55. Rxc5 Re3 56. Ra5 d3 57. Ra1 d2 58. Bc6 Rg3+ 59. Kh2 Rd3 60. Rd1 Ke3 61. c5 Bg3+ 62. Kg2 Be5 63. Bf3 Bxb2 64. Rb1 Be5 65. Bd1 Rc3 66. Rxb4 Rc1 67. Bf3 d1Q 68. Bxd1 Rxd1 69. c6 Rd2+ 70. Kg1 Rc2 71. Rb5 Ke4 72. Rb4+ Kd5 73. Rb5+ Rc5 0-1

[Event "Stavanger op A"]
[Site "Stavanger"]
[Date "2013.05.??"]
[Round "1"]
[White "Sharma, Dinesh Kumar"]
[Black "Theting, Helge E"]
[Result "1-0"]
[WhiteElo "2383"]
[BlackElo "1987"]
[PlyCount "45"]
[EventDate "2013.05.08"]
[EventType "swiss"]
[EventRounds "6"]
[EventCountry "NOR"]
[SourceTitle "EXT 2024"]
[Source "ChessBase"]
[SourceDate "2023.10.10"]
[SourceVersion "1"]
[SourceVersionDate "2023.10.10"]
[SourceQuality "1"]

1. e4 g6 2. d4 Bg7 3. Nc3 d6 4. Bg5 h6 5. Bh4 c6 6. Qd2 Nd7 7. f4 a6 8. Nf3 Qc7 9. e5 dxe5 10. fxe5 Nb6 11. Bg3 Be6 12. Ne4 Nd7 13. Bd3 Qb6 14. c4 h5 15. Bf2 Qc7 16. 0-0 Nh6 17. Neg5 Nf5 18. d5 cxd5 19. cxd5 Bxd5 20. Bxf5 gxf5 21. Qxd5 e6 22. Nxe6 fxe6 23. Qxe6+ 1-0

[Event "EU-ch Seniors 13th"]
[Site "Plovdiv"]
[Date "2013.03.17"]
[Round "7"]
[White "Khazankin, Moisey"]
[Black "Theting, Helge E"]
[Result "1-0"]
[WhiteElo "2086"]
[BlackElo "1978"]
[PlyCount "101"]
[EventDate "2013.03.11"]
[EventType "swiss"]
[EventRounds "9"]
[EventCountry "BUL"]
[SourceTitle "CBM 153 Extra"]
[Source "ChessBase"]
[SourceDate "2013.04.22"]
[SourceVersion "1"]
[SourceVersionDate "2013.04.22"]
[SourceQuality "1"]

1. e4 g6 2. d4 Bg7 3. Nc3 d6 4. f4 e6 5. Nf3 Ne7 6. Bd3 Nd7 7. 0-0 b6 8. f5 exf5 9. exf5 0-0 10. Bg5 Nf6 11. Nh4 h6 12. Bd2 g5 13. Nf3 Ned5 14. Nxd5 Nxd5 15. c3 Re8 16. Re1 Rxe1+ 17. Qxe1 Bb7 18. Qg3 c5 19. h4 f6 20. Re1 Qd7 21. Re6 Rd8 22. Qe1 Kf8 23. c4 Nc7 24. d5 Nxd5 25. cxd5 Bxd5 26. Re3 Bxa2 27. Qa1 Bf7 28. Bc2 d5 29. b4 Qc7 30. Ra3 Rd7 31. bxc5 Qxc5+ 32. Nd4 a5 33. Be3 Qd6 34. Rb3 Kg8 35. Qb2 Qe5 36. Bf2 Bf8 37. hxg5 Bc5 38. g6 Be8 39. Re3 Qb8 40. Rh3 Qe5 41. Rxh6 Rc7 42. Bd3 Qf4 43. Rh4 Bxd4 44. Qxd4 Rc1+ 45. Bf1 Qxf5 46. Rf4 Qe5 47. Rxf6 Qh5 48. Rf8+ Kxf8 49. Qf6+ Kg8 50. Qe6+ Bf7 51. Qxf7+ 1-0

[Event "Kragero Grand Prix A"]
[Site "Kragero"]
[Date "2013.??.??"]
[Round "2"]
[White "Jacobsen, Caroline Beer"]
[Black "Theting, Helge E"]
[Result "0-1"]
[WhiteElo "1495"]
[BlackElo "1993"]
[PlyCount "80"]
[EventDate "2013.08.31"]
[EventType "swiss"]
[EventRounds "5"]
[EventCountry "NOR"]
[SourceTitle "EXT 2024"]
[Source "ChessBase"]
[SourceDate "2023.10.10"]
[SourceVersion "1"]
[SourceVersionDate "2023.10.10"]
[SourceQuality "1"]

1. e4 g6 2. d4 Bg7 3. Nc3 d6 4. Be3 Nc6 5. f4 e6 6. Nf3 Nge7 7. g3 d5 8. e5 b6 9. g4 Bb7 10. h4 Na5 11. b3 Qd7 12. h5 0-0-0 13. Ne2 Kb8 14. Ng3 c5 15. Bd2 Nac6 16. Bc3 cxd4 17. Nxd4 Nxd4 18. Bxd4 Nc6 19. Bb2 d4 20. Bg2 d3 21. c4 d2+ 22. Kf2 Bf8 23. Ne4 Nb4 24. Bc3 Nd3+ 25. Ke3 Nc5 26. Qc2 Qd3+ 27. Qxd3 Rxd3+ 28. Ke2 Bxe4 29. Bxe4 Rxc3 30. Bg2 Be7 31. Rad1 Rd8 32. hxg6 hxg6 33. Rh7 Rcd3 34. Rxf7 Bh4 35. Rg7 Bg3 36. Rxg6 Bxf4 37. g5 Re3+ 38. Kf1 Rxe5 39. Bh3 Bg3 40. Rf6 Re1+ 0-1

[Event "Oslo Elo op"]
[Site "Oslo"]
[Date "2012.09.30"]
[Round "4"]
[White "Theting, Helge E"]
[Black "Amarapala, Sherington"]
[Result "1/2-1/2"]
[WhiteElo "2021"]
[BlackElo "1710"]
[PlyCount "66"]
[EventDate "2012.09.30"]
[EventType "swiss"]
[EventRounds "9"]
[EventCountry "NOR"]
[SourceTitle "EXT 2013"]
[Source "ChessBase"]
[SourceDate "2012.11.22"]
[SourceVersion "1"]
[SourceVersionDate "2012.11.22"]
[SourceQuality "1"]

1. Nf3 d5 2. g3 e6 3. Bg2 c5 4. 0-0 Nc6 5. d3 Nf6 6. Nbd2 Bd6 7. e4 0-0 8. Re1 dxe4 9. dxe4 Bc7 10. c3 b6 11. Qe2 Bb7 12. Nf1 Qe7 13. e5 Nd5 14. a3 Qe8 15. h4 Rd8 16. h5 h6 17. N1h2 Na5 18. Ng4 Nb3 19. Nxh6+ gxh6 20. Bxh6 Nxa1 21. Rxa1 f5 22. exf6 Rxf6 23. Bg5 Qf7 24. Bxf6 Nxf6 25. Ng5 Qg7 26. Nxe6 Re8 27. Bxb7 Bxg3 28. fxg3 Qxg3+ 29. Bg2 Ng4 30. Re1 Re7 31. Qe4 Qf2+ 32. Kh1 Qh4+ 33. Kg1 Qf2+ 1/2-1/2

[Event "EU-ch Seniors 12th"]
[Site "Kaunas"]
[Date "2012.08.25"]
[Round "8"]
[White "Theting, Helge E"]
[Black "Levchenkov, Vitaly S"]
[Result "1/2-1/2"]
[WhiteElo "2010"]
[BlackElo "2278"]
[PlyCount "61"]
[EventDate "2012.08.18"]
[EventType "swiss"]
[EventRounds "9"]
[EventCountry "LTU"]
[SourceTitle "CBM 150 Extra"]
[Source "ChessBase"]
[SourceDate "2012.10.19"]
[SourceVersion "1"]
[SourceVersionDate "2012.10.19"]
[SourceQuality "1"]

1. Nf3 Nf6 2. g3 g6 3. Bg2 Bg7 4. 0-0 0-0 5. d3 d5 6. Nbd2 c5 7. e4 Nc6 8. c3 e5 9. Re1 dxe4 10. dxe4 h6 11. Qe2 Qc7 12. a4 b6 13. Nf1 Be6 14. N3d2 Rad8 15. Nc4 Bxc4 16. Qxc4 Na5 17. Qe2 c4 18. Be3 Nd7 19. Rad1 Nc5 20. Bxc5 Qxc5 21. Ne3 Qc6 22. Qc2 Kh8 23. Rxd8 Rxd8 24. Rd1 Rd7 25. Rxd7 Qxd7 26. Qd1 Qxd1+ 27. Nxd1 Bf8 28. Ne3 Kg7 29. Bf1 Bc5 30. Nxc4 Nxc4 31. Bxc4 1/2-1/2

[Event "EU-ch Seniors 12th"]
[Site "Kaunas"]
[Date "2012.08.24"]
[Round "7"]
[White "Nevednichy, Boris M"]
[Black "Theting, Helge E"]
[Result "1-0"]
[WhiteElo "2228"]
[BlackElo "2010"]
[PlyCount "101"]
[EventDate "2012.08.18"]
[EventType "swiss"]
[EventRounds "9"]
[EventCountry "LTU"]
[SourceTitle "CBM 150 Extra"]
[Source "ChessBase"]
[SourceDate "2012.10.19"]
[SourceVersion "1"]
[SourceVersionDate "2012.10.19"]
[SourceQuality "1"]

1. e4 g6 2. d4 Bg7 3. Nc3 d6 4. Nf3 Nc6 5. Be3 e5 6. d5 Nce7 7. h3 h6 8. g4 a6 9. Qd2 b5 10. a4 b4 11. Ne2 a5 12. Ng3 Bd7 13. Bb5 Bxb5 14. axb5 Qb8 15. Qd3 Nc8 16. c4 Nge7 17. Qd2 Nb6 18. b3 Nd7 19. 0-0 Nc5 20. Bxc5 dxc5 21. Ne1 0-0 22. Nd3 Qb6 23. Qe3 f5 24. Qxc5 f4 25. Qxb6 cxb6 26. Ne2 Nc8 27. f3 Nd6 28. Rfc1 Rfc8 29. Nb2 Bf6 30. Na4 Bd8 31. Ra2 Nb7 32. Kg2 Kf7 33. Rd1 Nd6 34. Nc1 Rab8 35. Nd3 Bf6 36. h4 Bg7 37. Rdd2 Kf6 38. Nxf4 Nxc4 39. bxc4 exf4 40. Rac2 Ke7 41. d6+ Kd8 42. c5 bxc5 43. Nxc5 Rxc5 44. Rxc5 b3 45. e5 a4 46. e6 b2 47. e7+ Ke8 48. Rc8+ Rxc8 49. d7+ Kxe7 50. dxc8Q b1Q 51. Qd8+ 1-0

[Event "EU-ch Seniors 12th"]
[Site "Kaunas"]
[Date "2012.08.22"]
[Round "5"]
[White "Vagner, Grigorij"]
[Black "Theting, Helge E"]
[Result "0-1"]
[WhiteElo "2162"]
[BlackElo "2010"]
[PlyCount "70"]
[EventDate "2012.08.18"]
[EventType "swiss"]
[EventRounds "9"]
[EventCountry "LTU"]
[SourceTitle "CBM 150 Extra"]
[Source "ChessBase"]
[SourceDate "2012.10.19"]
[SourceVersion "1"]
[SourceVersionDate "2012.10.19"]
[SourceQuality "1"]

1. d4 g6 2. c4 Bg7 3. Nc3 d6 4. Nf3 Nc6 5. e3 e5 6. Be2 Nge7 7. 0-0 0-0 8. d5 Nb8 9. e4 h6 10. a3 f5 11. h3 Nd7 12. b4 Nf6 13. Nd2 f4 14. Bb2 g5 15. Re1 Ng6 16. Kh2 Rf7 17. g3 Qd7 18. Bf1 h5 19. Nf3 Bh6 20. Ng1 Qe7 21. Bc1 g4 22. h4 Nh7 23. Qd3 Nxh4 24. gxf4 Bxf4+ 25. Bxf4 Rxf4 26. Qg3 Nf3+ 27. Nxf3 Rxf3 28. Qg2 Qh4+ 29. Kg1 Rxc3 30. Be2 Ng5 31. Rec1 Nh3+ 32. Kf1 Rxc1+ 33. Rxc1 Nf4 34. Qg3 Qh1+ 35. Qg1 Qxg1+ 0-1

[Event "EU-ch Seniors 12th"]
[Site "Kaunas"]
[Date "2012.08.18"]
[Round "1"]
[White "Barle, Janez"]
[Black "Theting, Helge E"]
[Result "1-0"]
[WhiteElo "2382"]
[BlackElo "2010"]
[PlyCount "43"]
[EventDate "2012.08.18"]
[EventType "swiss"]
[EventRounds "9"]
[EventCountry "LTU"]
[SourceTitle "CBM 150 Extra"]
[Source "ChessBase"]
[SourceDate "2012.10.19"]
[SourceVersion "1"]
[SourceVersionDate "2012.10.19"]
[SourceQuality "1"]

1. e4 g6 2. d4 Bg7 3. Nc3 d6 4. Nge2 Nd7 5. g3 e5 6. Bg2 Ne7 7. 0-0 0-0 8. Be3 h6 9. h3 c6 10. a4 Kh7 11. a5 Qc7 12. f4 f5 13. fxe5 dxe5 14. d5 Ng8 15. exf5 gxf5 16. dxc6 bxc6 17. Nb5 Qb7 18. Nd6 Qc7 19. Nxf5 Ndf6 20. Nxg7 Kxg7 21. Qd2 Be6 22. Bxh6+ 1-0

[Event "Fagernes Norsk op-B"]
[Site "Fagernes"]
[Date "2012.04.28"]
[Round "1"]
[White "Kovalenko, Dima"]
[Black "Theting, Helge E"]
[Result "0-1"]
[WhiteElo "1450"]
[BlackElo "1980"]
[PlyCount "48"]
[EventDate "2012.04.28"]
[EventType "swiss"]
[EventRounds "7"]
[EventCountry "NOR"]
[SourceTitle "EXT 2024"]
[Source "ChessBase"]
[SourceDate "2023.10.10"]
[SourceVersion "1"]
[SourceVersionDate "2023.10.10"]
[SourceQuality "1"]

1. e4 g6 2. d4 Bg7 3. f4 d5 4. e5 c5 5. c3 cxd4 6. cxd4 Nc6 7. Nf3 Bg4 8. Bb5 e6 9. h3 Bxf3 10. Qxf3 Nge7 11. Qd1 Nf5 12. g4 Qh4+ 13. Ke2 Ng3+ 14. Ke3 Nxh1 15. Qxh1 0-0 16. Bd2 Qg3+ 17. Qf3 Qxf3+ 18. Kxf3 Nxd4+ 19. Ke3 Nxb5 20. Nc3 d4+ 21. Kd3 dxc3 22. Bxc3 Rfd8+ 23. Kc4 Nxc3 24. Kxc3 Rac8+ 0-1

[Event "EU-chT Seniors"]
[Site "Rogaska Slatina"]
[Date "2012.04.01"]
[Round "6.21"]
[White "Hellwege, Werner"]
[Black "Theting, Helge E"]
[Result "1/2-1/2"]
[WhiteElo "2029"]
[BlackElo "1980"]
[PlyCount "52"]
[EventDate "2012.03.27"]
[EventType "team-swiss"]
[EventRounds "9"]
[EventCountry "SLO"]
[SourceTitle "CBM 147 Extra"]
[Source "ChessBase"]
[SourceDate "2012.04.24"]
[SourceVersion "1"]
[SourceVersionDate "2012.04.24"]
[SourceQuality "1"]
[WhiteTeam "Niedersachsen (Seniors)"]
[BlackTeam "Norway (Seniors) III"]
[WhiteTeamCountry "GER"]
[BlackTeamCountry "NOR"]

1. d4 g6 2. Nc3 Bg7 3. e4 d6 4. Nf3 Nd7 5. Be2 e5 6. dxe5 Nxe5 7. 0-0 Nxf3+ 8. Bxf3 Ne7 9. Bg5 h6 10. Be3 0-0 11. Qd2 Kh7 12. Bd4 f6 13. Be2 Nc6 14. Be3 f5 15. exf5 Bxf5 16. Nd5 Qd7 17. h3 Ne5 18. f4 Nc6 19. c4 Rae8 20. Rad1 Ne7 21. Bf3 Nc8 22. Bd4 c6 23. Bxg7 Qxg7 24. Nc3 Re7 25. Rde1 Rfe8 26. Rxe7 Rxe7 1/2-1/2